| 000 | 00622nam a2200217Ia 4500 | ||
|---|---|---|---|
| 001 | 12620 | ||
| 003 | GE_BSU | ||
| 008 | 181216s||||||||xx |||||||||||||| ||und|| | ||
| 040 | _cGE_BSU | ||
| 080 | _a581.1 | ||
| 100 | _aТимирязев,К. | ||
| 245 | _aЖизнь растении | ||
| 245 | _bДесять общедоступных чтении с 58 фигурами в текст | ||
| 260 | _aМосква | ||
| 260 | _bИзд-во А.Калужского | ||
| 260 | _c1878 | ||
| 300 | _a285стр.24см. | ||
| 300 | _eПриложение с.253 | ||
| 653 | _aЖизнь растении | ||
| 942 | _cBK | ||
| 999 |
_c45792 _d45792 |
||